Australian/New Zealand Cities by Suburbs - Statistics

General Stats
  • This quiz has been taken 131 times
  • The average score is 11 of 15
Answer Stats
Suburbs City % Correct
Collingwood, Richmond, St Kilda Melbourne
91%
Redfern, Bondi Junction, Parramatta Sydney
90%
Surfers Paradise, Broadbeach, Southport Gold Coast
87%
Takapuna, Mount Wellington, Manukau Auckland
83%
Northbridge, Burswood, Fremantle Perth
83%
Te Aro, Mount Victoria, Thorndon Wellington
81%
Hindmarsh, Glenelg, Elizabeth Adelaide
76%
New Farm, Kangaroo Point, Indooroopilly Brisbane
76%
Acton, Yarralumla, Griffith Canberra
73%
Maroochydore, Caloundra, Noosa Heads Sunshine Coast
73%
Addington, Riccarton, Woolston Christchurch
59%
Stuart Park, Fannie Bay, Palmerston Darwin
55%
Bulli, Port Kembla, Lake Illawarra Wollongong
55%
Battery Point, Montagu Bay, Moonah Hobart
50%
Waratah, Hamilton, Charlestown Newcastle
35%
No matching quizzes found
Score Distribution
Percent of People with Each Score
Percentile by Number Answered
Your Score History
You have not taken this quiz